FC Barcelona Spieler - Statistiken

Allgemein
  • Dieses Quiz wurde 521 mal gespielt
  • Das Durchschnittsergebnis liegt bei 17 aus 20
Antwortstatistiken
Bildquiz Antwort % Korrekt
Lionel Messi
98%
Robert Lewandowski
98%
Marc-André Ter Stegen
97%
Andreas Iniesta
96%
Luis Suárez
95%
Xavi
95%
Frenkie de Jong
94%
Ronaldinho
94%
Pedri
90%
Carles Puyol
88%
Gerard Pique
82%
Jules Koundé
82%
Jordi Alba
80%
Sergio Busquets
79%
Dani Alves
77%
Johan Cruyff
77%
Samuel Eto’o
76%
Raphinha
74%
Javier Mascherano
68%
Víctor Valdés
60%
Keine übereinstimmenden Quizze gefunden
Verteilung der Resultate
Anzahl Personen mit jedem Resultat
Perzentil nach korrekt beantworteten Fragen
Ihre Resultats-Entwicklung
Sie haben dieses Quiz noch nicht gespielt